| 000 | 00495nam a2200169 a 4500 | ||
|---|---|---|---|
| 005 | 20140412111307.0 | ||
| 008 | 010503s19uu xx 00 eng d | ||
| 020 | _a7172-8192-2 | ||
| 050 |
_aTR(PS E _bGo59 1988 |
||
| 245 |
_aGoofy goes to the airport : _bfun with airport words. |
||
| 260 |
_aDanbury, Connecticut : _bThe Walt Disney Company, _c1988. |
||
| 300 | _a1v. (unp.) ; ill. | ||
| 440 | _aA Disney Rhyming Reader | ||
| 650 | _aAirport-Stories | ||
| 650 | _aReading | ||
| 999 |
_c103732 _d103732 |
||